Countries in Irish - Statistics

General Stats
  • This quiz has been taken 28 times
  • The average score is 18 of 21
Answer Stats
Irish English % Correct
An Airgintín Argentina
100%
An Fhrainc France
100%
An Ghearmáin Germany
100%
An Phortaingéil Portugal
100%
An Astráil Australia
96%
An Ostair Austria
96%
An Bhrasaíl Brazil
96%
An Danmhairg Denmark
96%
Éire Ireland
96%
Meicsiceo Mexico
96%
An Rúis Russia
96%
An Chambóid Cambodia
92%
An Bheilg Belgium
88%
An Ghréig Greece
84%
An Ungáir Hungary
84%
An tSile Chile
80%
An tSín China
76%
An Íoslainn Iceland
76%
An tSeapáin Japan
72%
An Bheilís Belize
48%
An Chipir Cyprus
44%
No matching quizzes found
Score Distribution
Percent of People with Each Score
Percentile by Number Answered
Your Score History
You have not taken this quiz